ا و ر پتھر ٹو ٹ گيا(ا فسا نو ی مجمعو عہ ) (Record no. 168700)

MARC details
000 -LEADER
fixed length control field 00667nam a22001937a 4500
005 - DATE AND TIME OF LATEST TRANSACTION
control field 20191021153423.0
010 ## - LCCN (DPL NO)
LC control number UR-10538
020 ## - INTERNATIONAL STANDARD BOOK NUMBER
Terms of availability 200.00
International Standard Book Number 9789389358315
035 ## - SYSTEM CONTROL NUMBER
System control number U-9093
037 ## - SOURCE OF ACQUISITION
Source of stock number/acquisition DBAD/PUB
Stock number -
082 ## - DEWEY DECIMAL CLASSIFICATION NUMBER
Classification number ک
100 ## - MAIN ENTRY--PERSONAL NAME
Personal name يو سف جما ل
245 ## - TITLE STATEMENT
Title ا و ر پتھر ٹو ٹ گيا(ا فسا نو ی مجمعو عہ )
Statement of responsibility, etc يو سف جما ل
246 ## - VARYING FORM OF TITLE
Remainder of title Aur Patthar toot Gaya(Short Stories)(Urdu)
Title proper/short title by Yusuf Jamal
260 ## - PUBLICATION, DISTRIBUTION, ETC. (IMPRINT)
Place of publication, distribution, etc N.Delhi
Name of publisher, distributor, etc Educational publishing house
Date of publication, distribution, etc 2019 ء
270 ## - ADDRESS
Address 391,Gali Vakil,Kucha Pandit Lal Kuan
City Delhi
Postal code 110006
Telephone number 011-23214465
Fax number -
300 ## - PHYSICAL DESCRIPTION
Extent 184 ص
Dimensions 22 Cm(Hb)
942 ## - ADDED ENTRY ELEMENTS (KOHA)
Source of classification or shelving scheme Dewey Decimal Classification
Item type Urdu Bks
Classification part ک
Call number suffix ج م ا
Holdings
Withdrawn status Lost status Not for loan Collection code Home library Current library Date acquired Source of acquisition Cost, normal purchase price Full call number Barcode Copy number Cost, replacement price Koha item type
    Not For Loan Fiction D.B.Act.Division D.B.Act.Division 21/10/2019 DBAD/PUB 200.00 ک ج م ا U-9093 1 200.00 Urdu Bks

© Delhi Public Library
Hit Counter
free hit counter